书目信息 |
| 题名: |
幸福论
|
|
| 作者: | 费尔巴哈 著 ;汪耀三 译 | |
| 分册: | 第9卷 | |
| 出版信息: | 北京 商务印书馆 2022.07 |
|
| 页数: | 74页 | |
| 开本: | 23cm | |
| 丛书名: | 费尔巴哈文集 | |
| 单 册: | ||
| 中图分类: | B516.36 | |
| 科图分类: | ||
| 主题词: | 哲学--欧洲 | |
| 电子资源: | ||
| ISBN: | 978-7-100-20155-1 | |
| 000 | 00831nam0 2200241 450 | |
| 001 | 2435287948 | |
| 005 | 20240424100638.84 | |
| 010 | @a978-7-100-20155-1@dCNY55.00 | |
| 100 | @a20240424d2022 km y0chiy0120 ea | |
| 101 | 0 | @achi |
| 102 | @aCN@b110000 | |
| 200 | 1 | @a幸福论@AXing Fu Lun@h第9卷@f(德)费尔巴哈著;汪耀三译@F(De)Fei Er Ba Ha Zhu;Wang Yao San Yi |
| 210 | @a北京@c商务印书馆@d2022.07 | |
| 215 | @a74页@d23cm | |
| 225 | 2 | @a费尔巴哈文集 |
| 300 | @a本卷德文标题为Der Eud?monismus, 是费尔巴哈最重要的伦理学著作。 他在这里从抽象的“合理的利己主义 ” 立场批判了宗教上的禁欲伦理学说。 | |
| 410 | 0 | @12001 @a费尔巴哈文集 |
| 606 | 0 | @a哲学@x欧洲 |
| 690 | @aB516.36@v4 | |
| 701 | 0 | @a费尔巴哈@AFei Er Ba Ha@4著 |
| 702 | 0 | @a汪耀三@AWang Yao San@4译 |
| 801 | 0 | @aCN@b河南城建学院图书馆@c20240424 |
| 905 | @dB516.36@eF3408:9 | |
| 幸福论.第9卷/(德)费尔巴哈著;汪耀三译.-北京:商务印书馆,2022.07 |
| 74页;23cm.-(费尔巴哈文集) |
| 本卷德文标题为Der Eud?monismus, 是费尔巴哈最重要的伦理学著作。 他在这里从抽象的“合理的利己主义 ” 立场批判了宗教上的禁欲伦理学说。 |
| ISBN 978-7-100-20155-1:CNY55.00 |
| ● |
| 相关链接 |
|
|
|
正题名:幸福论
索取号:B516.36/F3408:9
 
预约/预借
| 序号 | 登录号 | 条形码 | 馆藏地/架位号 | 状态 | 备注 |
| 1 | 1552618 | 215526189 | 马克思主义学院/ [索取号:B516.36/F3408:9] | 在馆 |